| 000 | 01006nam2a22002411 4500 | ||
|---|---|---|---|
| 001 | RU\NLR\Per\681222 | ||
| 005 | 20250617181937.0 | ||
| 035 | _a(NLR Aleph) 002929460 | ||
| 090 |
_a3699133 _c3699133 |
||
| 100 | _a20100511d2006 |||y0rusy50 ca | ||
| 101 | 0 | _arus | |
| 102 | _aRU | ||
| 105 | _ay ||||||||| | ||
| 200 | 0 | _a2006, июль/сент. | |
| 210 |
_d2006 _aБ. м. |
||
| 461 | 0 |
_1001RU\NLR\INFOCOMM10\1000156044 _12001#$aДеловая жизнь$eЭкономика. Политика. Человек$eНезависимый обществ.-полит. и экон. журн.$v2006, июль/сент. _92443655 _cМ. _d1946 - _nПравда _oЭкономика. Политика. Человек : Независимый обществ.-полит. и экон. журн. _tДеловая жизнь _x0132-0734 _v2006, июль/сент. |
|
| 801 | 1 |
_aRU _bInfoComm _c20040220 |
|
| 801 | 0 |
_aRU _bNLR _gPSBO |
|
| 852 |
_aNLR _jП22/1480 |
||
| 942 | _cISSUE | ||
| 980 | _aNB | ||
| 980 | _aRUSPER | ||